Spiderman Rogues - Statistics

General Stats
  • This quiz has been taken 263 times
  • The average score is 19 of 23
Answer Stats
Alter Ego Answer % Correct
Norman Osborn Father of Spiderman's best friend, has split personality and glides on a hoverboard Green Goblin
100%
Eddie Brock Taken over by a Symbiote creating one of Spiderman's most iconic villains Venom
99%
Otto Octavius Has 4 metal arms and is considered one of Spiderman biggest foes Doctor Octopus
98%
Flint Marko Fell in a radioactive site, now he is able to form his body into sand Sandman
97%
Maxwell Dillon Fell in a vat full of eels and gained electric abilities Electro
96%
Curt Conners Studying reptiles eventually led to him being turned into one Lizard
96%
Aleksei Sytsevich Agreed to be put in a large set of armor resembling a rhinoceros Rhino
96%
Quentin Beck Master of illusion and special effects Mysterio
92%
Adrian Toomes Obsessed with flying he created a suit of armor with wings which allows him to Vulture
92%
Cletus Kasady Serial killer who got merged with a Symbiote Carnage
91%
Wilson Fisk Underground crime boss of New York Kingpin
91%
Sergei Kravinoff Hunter who is obsessed by taking down Spiderman Kraven the Hunter
91%
Mac Gargan Was offered a suit with a big stinger by JJJ in order to take down Spiderman Scorpion
90%
Felicia Hardy Thief who is stealthy also one of Spiderman's love interests Black Cat
87%
Martin Li Chinese mob boss who has a black electrical energy blast Mister Negative
78%
Roderick Kingsley Kind of a knock-off of the #1 question also glides on a hoverboard Hobgoblin
77%
Herman Schultz Created gauntlets which allows him to shoot blasts Shocker
77%
Dmitri Smerdyakov Master of disguise can be anyone he wants and also Spiderman's first ever villain Chameleon
75%
Lonnie Lincoln Leader of a biker gang and is pretty much indestructible Tombstone
70%
Joseph Lorenzini Crime boss with a metal plate inside his head Hammerhead
64%
Morris Bench Has the ability to turn himself into water Hydro Man
60%
Phineas Mason Very handy guy who creates a lot of gadgets and weapons Tinkerer
57%
Miles Warren Teacher who became obsessed with cloning Jackal
42%
No matching quizzes found
Score Distribution
Percent of People with Each Score
Percentile by Number Answered
Your Score History
You have not taken this quiz